[Event "DEN-chT 9798"]
[Site "Denmark"]
[Date "1997.11.16"]
[Round "3.1"]
[White "Hamann, Svend"]
[Black "Nielsen, Peter Heine"]
[Result "1/2-1/2"]
[WhiteElo "2375"]
[BlackElo "2525"]
[PlyCount "80"]
[EventDate "1997.11.02"]
[EventType "team-tourn"]
[EventRounds "7"]
[EventCountry "DEN"]
[SourceTitle "EXT 2023"]
[Source "ChessBase"]
[SourceDate "2022.10.05"]
[SourceVersion "1"]
[SourceVersionDate "2022.10.05"]
[SourceQuality "1"]
[WhiteTeam "Frederiksberg"]
[BlackTeam "Gistrup"]
[WhiteTeamCountry "DEN"]
[BlackTeamCountry "DEN"]

1. d4 Nf6 2. c4 e6 3. Nf3 d5 4. Nc3 Bb4 5. e3 0-0 6. cxd5 exd5 7. Be2 Re8 8. 0-0 c6 9. a3 Bd6 10. b4 a6 11. Qc2 g6 12. Bd3 Bg4 13. Ne1 Nbd7 14. f3 Be6 15. g3 a5 16. Rb1 axb4 17. axb4 Qe7 18. Qb2 Nb6 19. Bd2 Nh5 20. Ng2 Ng7 21. e4 f6 22. Rfe1 Qd7 23. Nf4 Bf7 24. Ra1 Ne6 25. Nfe2 Bf8 26. Be3 Bg7 27. b5 Rxa1 28. Rxa1 c5 29. dxc5 d4 30. cxb6 dxe3 31. Bc4 Ng5 32. Bxf7+ Qxf7 33. Rf1 Rd8 34. Nd5 f5 35. Qb3 fxe4 36. fxe4 Nf3+ 37. Kg2 Ne1+ 38. Kg1 Nf3+ 39. Kg2 Ne1+ 40. Kg1 Nf3+ 1/2-1/2

[Event "Copenhagen-ch"]
[Site "Copenhagen"]
[Date "1997.??.??"]
[Round "4"]
[White "Hamann, Svend"]
[Black "Jorgensen, Brian"]
[Result "1-0"]
[WhiteElo "2375"]
[BlackElo "2200"]
[PlyCount "76"]
[EventDate "1997.??.??"]
[EventType "tourn"]
[EventRounds "9"]
[EventCountry "DEN"]
[SourceTitle "EXT 1999"]
[Source "ChessBase"]
[SourceDate "1998.11.16"]
[SourceVersion "1"]
[SourceVersionDate "1998.11.16"]
[SourceQuality "1"]

1. d4 d5 2. c4 e6 3. Nf3 c6 4. e3 f5 5. Bd3 Nf6 6. 0-0 Bd6 7. b3 Qe7 8. Bb2 Nbd7 9. cxd5 cxd5 10. Nbd2 0-0 11. Qe2 Ne4 12. Rfc1 g5 13. Ne5 Qg7 14. Nxd7 Bxd7 15. Nf3 g4 16. Ne5 Kh8 17. Bxe4 fxe4 18. Nxd7 Qxd7 19. Qxg4 Rf5 20. Bc3 Rg8 21. Qe2 Rxg2+ 22. Kxg2 Qg7+ 23. Kf1 Bxh2 24. Ke1 Rxf2 25. Qxf2 Bg3 26. Rc2 Qg5 27. Re2 Bxf2+ 28. Kxf2 Qh4+ 29. Kg2 Qg4+ 30. Kf1 Qg3 31. Rae1 Qh3+ 32. Kg1 Qg3+ 33. Rg2 Qc7 34. Bd2 h5 35. Rc1 Qd7 36. Be1 e5 37. Bg3 Kg8 38. Bxe5+ Kf8 1-0

[Event "Copenhagen-ch"]
[Site "Copenhagen"]
[Date "1997.??.??"]
[Round "8"]
[White "Hamann, Svend"]
[Black "Sorensen, Torben"]
[Result "1/2-1/2"]
[WhiteElo "2375"]
[BlackElo "2295"]
[PlyCount "75"]
[EventDate "1997.??.??"]
[EventType "tourn"]
[EventRounds "9"]
[EventCountry "DEN"]
[SourceTitle "EXT 1999"]
[Source "ChessBase"]
[SourceDate "1998.11.16"]
[SourceVersion "1"]
[SourceVersionDate "1998.11.16"]
[SourceQuality "1"]

1. e4 e5 2. Nf3 Nc6 3. Bb5 a6 4. Bxc6 dxc6 5. 0-0 f6 6. d4 Bg4 7. dxe5 Qxd1 8. Rxd1 fxe5 9. Nbd2 0-0-0 10. Re1 Bd6 11. h3 Bh5 12. g4 Bg6 13. Nh4 Bf7 14. Ndf3 Nf6 15. Nf5 Ne8 16. Bd2 g6 17. Nh6 Rf8 18. Ng5 Bc5 19. Be3 Bxe3 20. Rxe3 Bg8 21. Rd3 Ng7 22. Rxd8+ Kxd8 23. Nxg8 Rxg8 24. Nf7+ Kc8 25. Rd1 Re8 26. f3 Ne6 27. Kf2 Nc5 28. Ke3 Nd7 29. Nh6 Nc5 30. b3 Re7 31. h4 Ne6 32. Rd2 a5 33. g5 b5 34. Ng4 Ng7 35. Nf6 Ne6 36. Ng4 Ng7 37. Rd3 Nh5 38. Rd2 1/2-1/2

[Event "Copenhagen-ch"]
[Site "Copenhagen"]
[Date "1996.??.??"]
[Round "4"]
[White "Hamann, Svend"]
[Black "Hvenekilde, Jorgen"]
[Result "1/2-1/2"]
[WhiteElo "2380"]
[BlackElo "2315"]
[PlyCount "124"]
[EventDate "1996.??.??"]
[EventType "tourn"]
[EventRounds "9"]
[EventCountry "DEN"]
[EventCategory "5"]
[SourceTitle "CBM 051 Extra"]
[Source "ChessBase"]
[SourceDate "1996.05.01"]
[SourceVersion "1"]
[SourceVersionDate "1996.05.01"]
[SourceQuality "1"]

1. d4 Nf6 2. Nf3 g6 3. g3 Bg7 4. Bg2 0-0 5. 0-0 d6 6. c4 c6 7. Nc3 Re8 8. e4 a6 9. Re1 Nfd7 10. Bg5 b5 11. cxb5 axb5 12. a3 Nb6 13. h3 Na6 14. e5 d5 15. Ne2 Nc7 16. b3 Bd7 17. Nc1 Ra7 18. Nd3 Bf5 19. Nc5 Nd7 20. Nd3 Qa8 21. Bc1 Bxd3 22. Qxd3 c5 23. dxc5 Nxc5 24. Qe3 N5e6 25. Bb2 Ra6 26. Rac1 Rd8 27. Red1 Rc6 28. Rxc6 Qxc6 29. Rc1 Qb7 30. Nd4 Nxd4 31. Qxd4 h5 32. Bf1 Ne6 33. Qb4 Rb8 34. Bg2 Qd7 35. h4 d4 36. Bc6 Qd8 37. Bxb5 Bxe5 38. a4 g5 39. hxg5 Nxg5 40. Qc5 Bf6 41. f4 Ne4 42. Qxh5 Qa5 43. Qg4+ Kf8 44. Rc8+ Rxc8 45. Qxc8+ Kg7 46. Qg4+ Kf8 47. Qf3 Qe1+ 48. Kg2 Qb1 49. Qe2 Nc5 50. Ba3 d3 51. Qd2 Qc2 52. Qxc2 dxc2 53. Bc4 Bc3 54. Bc1 f5 55. Kf3 e6 56. g4 fxg4+ 57. Kxg4 Ke7 58. Kf3 Kf6 59. Ke2 e5 60. fxe5+ Kxe5 61. Bg8 Kd6 62. Bf4+ Kc6 1/2-1/2

[Event "Copenhagen-ch"]
[Site "Copenhagen"]
[Date "1996.??.??"]
[Round "8"]
[White "Hove, Esben Kjems"]
[Black "Hamann, Svend"]
[Result "1/2-1/2"]
[WhiteElo "2285"]
[BlackElo "2380"]
[PlyCount "183"]
[EventDate "1996.??.??"]
[EventType "tourn"]
[EventRounds "9"]
[EventCountry "DEN"]
[EventCategory "5"]
[SourceTitle "CBM 051 Extra"]
[Source "ChessBase"]
[SourceDate "1996.05.01"]
[SourceVersion "1"]
[SourceVersionDate "1996.05.01"]
[SourceQuality "1"]

1. d4 Nf6 2. c4 e6 3. Nc3 Bb4 4. Qc2 0-0 5. a3 Bxc3+ 6. Qxc3 b6 7. Bg5 Bb7 8. f3 d5 9. e3 Nbd7 10. Nh3 h6 11. Bh4 c5 12. dxc5 bxc5 13. Bd3 Qb6 14. Bf2 Ba6 15. 0-0 dxc4 16. Bxc4 Bxc4 17. Qxc4 Qxb2 18. Rab1 Qxa3 19. e4 Rfb8 20. Nf4 Rxb1 21. Rxb1 Rc8 22. Nd3 Nb6 23. Qc2 Nfd7 24. Be1 c4 25. Nb4 Nc5 26. Qd1 Nca4 27. Nc2 Qe7 28. Bb4 Qd7 29. Qxd7 Nxd7 30. Rd1 Ndb6 31. Rd6 Nc5 32. Kf1 Nb7 33. Rd1 Nd8 34. Ke2 Nc6 35. Be1 Kf8 36. Bf2 Na4 37. Be1 Ke8 38. Ne3 Nb6 39. Bc3 f6 40. f4 Rd8 41. Rc1 Nd4+ 42. Kf2 Nb3 43. Rc2 Nc5 44. Kf3 Rd3 45. Bb4 Nb3 46. Ra2 c3 47. Kf2 Rd2+ 48. Rxd2 Nxd2 49. e5 f5 50. Ke2 Ne4 51. Kd3 h5 52. g3 Kd7 53. Bxc3 Kc6 54. Be1 Nd5 55. Nc2 h4 56. Nd4+ Kd7 57. Nb3 h3 58. Ke2 g5 59. fxg5 Nxg5 60. Nd4 Nf7 61. Nf3 Nh6 62. Ng1 Ng4 63. Nxh3 Nxh2 64. Ng5 Ng4 65. Nf3 Nc7 66. Kd3 Nb5 67. Bd2 Kc6 68. Kc4 Kb6 69. Kb4 a6 70. Be1 Kc6 71. Ka5 Kd5 72. Kxa6 Nd4 73. Ng5 Nxe5 74. Bf2 Nef3 75. Nh7 e5 76. Kb6 Nd2 77. Nf6+ Ke6 78. Nh5 Ne4 79. Be3 Ne2 80. Kc6 N2xg3 81. Ng7+ Kf6 82. Ne8+ Ke7 83. Nc7 Nc3 84. Bg5+ Kf7 85. Kd6 e4 86. Ke5 Kg6 87. Bd2 Nce2 88. Nd5 Nf1 89. Bf4 Nxf4 90. Kxf4 e3 91. Kf3 Kg5 92. Ke2 1/2-1/2

[Event "Copenhagen-ch"]
[Site "Copenhagen"]
[Date "1996.??.??"]
[Round "7"]
[White "Schandorff, Lars"]
[Black "Hamann, Svend"]
[Result "1/2-1/2"]
[WhiteElo "2485"]
[BlackElo "2380"]
[PlyCount "100"]
[EventDate "1996.??.??"]
[EventType "tourn"]
[EventRounds "9"]
[EventCountry "DEN"]
[EventCategory "5"]
[SourceTitle "CBM 051 Extra"]
[Source "ChessBase"]
[SourceDate "1996.05.01"]
[SourceVersion "1"]
[SourceVersionDate "1996.05.01"]
[SourceQuality "1"]

1. d4 Nf6 2. Nf3 e6 3. c4 b6 4. a3 c5 5. d5 Ba6 6. Qc2 exd5 7. cxd5 d6 8. Nc3 g6 9. g3 Bg7 10. Bg2 0-0 11. 0-0 Re8 12. Re1 Nbd7 13. Bf4 Qe7 14. h3 Ne4 15. Nxe4 Qxe4 16. Qd2 Qe7 17. Rac1 Nf6 18. Rc2 Rad8 19. Bg5 Qf8 20. Qd1 h6 21. Bxf6 Bxf6 22. e3 Qg7 23. Qd2 Bb5 24. b3 Bd7 25. Qd3 b5 26. Qe2 Rb8 27. Rec1 a5 28. Qd2 Ra8 29. Ne1 a4 30. b4 c4 31. Ra2 Rac8 32. Nc2 Bf5 33. Rd1 Bc3 34. Qc1 Bd3 35. Bf1 Be4 36. Bg2 Bxg2 37. Kxg2 Qe5 38. Kg1 Qf5 39. h4 Re4 40. Kg2 Re5 41. f3 Rxd5 42. e4 Rxd1 43. Qxd1 Qe5 44. Ne3 h5 45. Nd5 Bd4 46. Re2 Ba7 47. f4 Qe6 48. Qd2 Kg7 49. Qc3+ f6 50. Qd2 Qg4 1/2-1/2

[Event "Taastrup"]
[Site "Taastrup"]
[Date "1995.??.??"]
[Round "1"]
[White "Hamann, Svend"]
[Black "Fuglsang, Flemming"]
[Result "1-0"]
[WhiteElo "2380"]
[BlackElo "2265"]
[PlyCount "139"]
[EventDate "1995.??.??"]
[EventType "tourn"]
[EventRounds "9"]
[EventCountry "DEN"]
[EventCategory "5"]
[SourceTitle "EXT 1997"]
[Source "ChessBase"]
[SourceDate "1996.11.15"]
[SourceVersion "1"]
[SourceVersionDate "1996.11.15"]
[SourceQuality "1"]

1. c4 Nf6 2. Nc3 e6 3. d4 Bb4 4. e3 0-0 5. Bd3 c5 6. Nf3 d5 7. 0-0 Nc6 8. a3 Bxc3 9. bxc3 dxc4 10. Bxc4 Qc7 11. Bb5 b6 12. Qe2 Bb7 13. Bb2 Rad8 14. Rfd1 e5 15. Bxc6 Qxc6 16. dxe5 Ng4 17. c4 f6 18. Rxd8 Rxd8 19. exf6 Nxf6 20. Rd1 Rf8 21. Ne1 Qe6 22. f3 Ba6 23. Rc1 Rd8 24. Nd3 Qd7 25. Nf4 Ne8 26. e4 Qd2 27. Qxd2 Rxd2 28. Be5 Kf7 29. Bb8 Rd7 30. Nd5 g5 31. Kf2 Rb7 32. Bg3 h5 33. h3 Ke6 34. f4 h4 35. f5+ Kf7 36. Be5 b5 37. Bh2 bxc4 38. e5 Kf8 39. e6 Rb2+ 40. Ke3 Rb3+ 41. Kf2 Rd3 42. Ne3 Rd2+ 43. Ke1 Rd4 44. Bb8 Re4 45. Kf2 Nf6 46. Bxa7 Rf4+ 47. Kg1 Ne4 48. Bb8 Rf2 49. Nxc4 Rxf5 50. Nd6 Nxd6 51. Bxd6+ Kg8 52. Rxc5 Rxc5 53. Bxc5 Bc8 54. e7 Kf7 55. a4 g4 56. hxg4 Bxg4 57. Kh2 Bd7 58. a5 Bc8 59. Bd6 Ke8 60. g3 hxg3+ 61. Kxg3 Ba6 62. Kf4 Kd7 63. Ke5 Bb5 64. Kd5 Be2 65. Kc5 Bh5 66. a6 Bg6 67. Kb6 Be4 68. Bb4 Bd5 69. Ka7 Bc4 70. Kb7 1-0

[Event "Taastrup"]
[Site "Taastrup"]
[Date "1994.??.??"]
[Round "2"]
[White "Jakobsen, Peter"]
[Black "Hamann, Svend"]
[Result "0-1"]
[WhiteElo "2270"]
[BlackElo "2355"]
[PlyCount "82"]
[EventDate "1994.??.??"]
[EventType "tourn"]
[EventRounds "9"]
[EventCountry "DEN"]
[EventCategory "3"]
[SourceTitle "EXT 1998"]
[Source "ChessBase"]
[SourceDate "1997.11.17"]
[SourceVersion "1"]
[SourceVersionDate "1997.11.17"]
[SourceQuality "1"]

1. d4 Nf6 2. c4 e6 3. Nf3 b6 4. a3 c5 5. d5 exd5 6. cxd5 d6 7. Nc3 a6 8. e4 g6 9. Bg5 Bg7 10. Nd2 0-0 11. a4 Nbd7 12. Be2 Re8 13. 0-0 Rb8 14. f4 Qc7 15. Kh1 h6 16. Bh4 Nh7 17. Qc2 g5 18. Bg3 gxf4 19. Bxf4 Ne5 20. Nf3 Ng6 21. Bg3 Qe7 22. Rae1 Ng5 23. Nxg5 hxg5 24. Bh5 Bd7 25. e5 Bxe5 26. Bxg6 fxg6 27. Bxe5 Bf5 28. Qd1 dxe5 29. g4 Bd7 30. Ne4 Rf8 31. d6 Qe6 32. Nxg5 Qc4 33. b3 Bc6+ 34. Kg1 Rxf1+ 35. Rxf1 Qd4+ 36. Qxd4 exd4 37. Rf7 Rd8 38. Ne6 Rxd6 39. Rg7+ Kh8 40. Rxg6 d3 41. Rh6+ Kg8 0-1

[Event "DEN-chT 9394"]
[Site "Denmark"]
[Date "1993.??.??"]
[Round "3"]
[White "Sorensen, Bent"]
[Black "Hamann, Svend"]
[Result "1/2-1/2"]
[WhiteElo "2300"]
[BlackElo "2380"]
[PlyCount "74"]
[EventDate "1993.11.??"]
[EventType "team-tourn"]
[EventRounds "7"]
[EventCountry "DEN"]
[SourceTitle "EXT 2000"]
[Source "ChessBase"]
[SourceDate "1999.11.16"]
[SourceVersion "1"]
[SourceVersionDate "1999.11.16"]
[SourceQuality "1"]

1. c4 Nf6 2. g3 e5 3. Nc3 Bb4 4. Bg2 Bxc3 5. bxc3 d6 6. Nf3 0-0 7. 0-0 Re8 8. d3 e4 9. Ng5 exd3 10. exd3 h6 11. Ne4 Nxe4 12. Bxe4 Nd7 13. Be3 Nc5 14. Bxc5 dxc5 15. Qh5 Qg5 16. Qxg5 hxg5 17. Rfe1 c6 18. Re3 Be6 19. Rb1 Rab8 20. Rb3 b5 21. Bxc6 bxc4 22. dxc4 Red8 23. Bd5 Rxb3 24. axb3 Rb8 25. Bxe6 fxe6 26. Rxe6 Rxb3 27. Re5 Rxc3 28. Rxc5 g4 29. Kg2 Kh7 30. Rc7 a5 31. c5 a4 32. Ra7 a3 33. c6 Rxc6 34. Rxa3 Rc4 35. Ra6 Re4 36. Ra8 g5 37. Ra6 Kg7 1/2-1/2

[Event "Copenhagen op"]
[Site "Copenhagen"]
[Date "1992.??.??"]
[Round "9"]
[White "Hamann, Svend"]
[Black "Fuglsang, Flemming"]
[Result "1-0"]
[WhiteElo "2365"]
[BlackElo "2325"]
[PlyCount "73"]
[EventDate "1992.06.??"]
[EventType "swiss"]
[EventRounds "10"]
[EventCountry "DEN"]
[SourceTitle "EXT 2002"]
[Source "ChessBase"]
[SourceDate "2001.11.25"]
[SourceVersion "1"]
[SourceVersionDate "2001.11.25"]
[SourceQuality "1"]

1. d4 d5 2. Nf3 Nf6 3. c4 dxc4 4. e3 e6 5. Bxc4 c5 6. 0-0 a6 7. Bd3 Nbd7 8. a4 Be7 9. a5 b5 10. axb6 cxd4 11. exd4 Nxb6 12. Bd2 0-0 13. Ba5 Qd6 14. Nbd2 Bb7 15. Qb3 Bxf3 16. Nxf3 Rfb8 17. Rfb1 Nbd5 18. Qd1 Nb4 19. Bc4 Nfd5 20. Ra3 Qf4 21. Ne5 Qe4 22. Rf3 f6 23. Bxb4 Rxb4 24. Bd3 Qxd4 25. Nc6 Qb6 26. Nxb4 Bxb4 27. Qe2 a5 28. Qe4 g6 29. Bc4 Nc7 30. Rd1 Re8 31. h4 Bf8 32. h5 f5 33. Qe2 Kh8 34. hxg6 hxg6 35. Rg3 Kh7 36. Qe5 Re7 37. Qf6 1-0

[Event "Copenhagen"]
[Site "Copenhagen"]
[Date "1991.??.??"]
[Round "1"]
[White "Bjerring, Kai"]
[Black "Hamann, Svend"]
[Result "1/2-1/2"]
[WhiteElo "2330"]
[BlackElo "2380"]
[PlyCount "52"]
[EventDate "1991.??.??"]
[EventType "tourn"]
[EventRounds "9"]
[EventCountry "DEN"]
[EventCategory "3"]
[SourceTitle "EXT 2004"]
[Source "ChessBase"]
[SourceDate "2003.11.25"]
[SourceVersion "1"]
[SourceVersionDate "2003.11.25"]
[SourceQuality "1"]

1. d4 Nf6 2. c4 e6 3. Nc3 Bb4 4. Bg5 c5 5. d5 h6 6. Bh4 g5 7. Bg3 Ne4 8. Qc2 f5 9. f3 Nxg3 10. hxg3 Qf6 11. e3 Bxc3+ 12. bxc3 d6 13. f4 Nd7 14. Nf3 gxf4 15. gxf4 Nb6 16. Nd2 exd5 17. cxd5 Nxd5 18. Nc4 b5 19. 0-0-0 Qe6 20. Nxd6+ Qxd6 21. Bxb5+ Ke7 22. c4 Nb4 23. Qb2 Qf6 24. Qxf6+ Kxf6 25. a3 a6 26. Bd7 Ke7 1/2-1/2

[Event "Copenhagen"]
[Site "Copenhagen"]
[Date "1991.??.??"]
[Round "3"]
[White "Danielsen, Henrik"]
[Black "Hamann, Svend"]
[Result "1-0"]
[WhiteElo "2375"]
[BlackElo "2380"]
[PlyCount "131"]
[EventDate "1991.??.??"]
[EventType "tourn"]
[EventRounds "9"]
[EventCountry "DEN"]
[EventCategory "3"]
[SourceTitle "EXT 2004"]
[Source "ChessBase"]
[SourceDate "2003.11.25"]
[SourceVersion "1"]
[SourceVersionDate "2003.11.25"]
[SourceQuality "1"]

1. d4 Nf6 2. Nf3 e6 3. c4 b6 4. g3 Bb7 5. Bg2 Bb4+ 6. Bd2 Qe7 7. 0-0 Bxd2 8. Qxd2 d6 9. Qc2 Nbd7 10. Nc3 0-0 11. e4 e5 12. d5 c6 13. b4 Rfc8 14. Nd2 a6 15. Rfc1 cxd5 16. cxd5 Rc7 17. Qb2 Rac8 18. Nd1 b5 19. Bh3 Kf8 20. Ne3 g6 21. f3 Qd8 22. Nb3 Rxc1+ 23. Rxc1 Qb6 24. Rxc8+ Bxc8 25. Qc1 Bb7 26. Na5 Kg7 27. Kg2 Nf8 28. Nc6 Qc7 29. Qc2 Bc8 30. Bxc8 Qxc8 31. a4 N8d7 32. axb5 axb5 33. Na5 Qa6 34. Nd1 Ne8 35. Qc6 Qxc6 36. Nxc6 Nc7 37. Nc3 Nb6 38. Na7 Na6 39. Ncxb5 Nxb4 40. Nxd6 f6 41. Nc6 Nd3 42. Kf1 h5 43. Ke2 Nc5 44. Ke3 h4 45. gxh4 Kh6 46. Ne8 Nc4+ 47. Kf2 f5 48. exf5 gxf5 49. Ne7 e4 50. Nxf5+ Kg6 51. Ned6 Nd3+ 52. Kf1 Nxd6 53. Nxd6 exf3 54. Ne4 Kf5 55. h5 Ne5 56. d6 Kxe4 57. h6 Ke3 58. d7 Ng4 59. d8Q Nxh2+ 60. Kg1 f2+ 61. Kxh2 f1Q 62. Qg5+ Ke4 63. h7 Qf8 64. Qh4+ Kf3 65. Qh5+ Kf2 66. Qh4+ 1-0

[Event "Politiken Cup 11th"]
[Site "Copenhagen"]
[Date "1989.06.23"]
[Round "6"]
[White "Hamann, Svend"]
[Black "Kaunas, Kestutis"]
[Result "0-1"]
[WhiteElo "2395"]
[BlackElo "2260"]
[PlyCount "144"]
[EventDate "1989.06.18"]
[EventType "swiss"]
[EventRounds "10"]
[EventCountry "DEN"]
[SourceTitle "EXT 2000"]
[Source "ChessBase"]
[SourceDate "1999.11.16"]
[SourceVersion "1"]
[SourceVersionDate "1999.11.16"]
[SourceQuality "1"]

1. d4 Nf6 2. c4 e6 3. Nc3 Bb4 4. Qc2 0-0 5. Nf3 c5 6. dxc5 Na6 7. a3 Bxc3+ 8. Qxc3 Nxc5 9. e3 b6 10. Be2 Ba6 11. b4 Nce4 12. Qd4 d6 13. Bb2 Rc8 14. Rc1 Rc7 15. 0-0 Qc8 16. b5 Bb7 17. Qd1 e5 18. Nd2 Nxd2 19. Qxd2 Ne4 20. Qb4 Nc5 21. Rfd1 Qe6 22. f3 f5 23. Qe1 Rf6 24. Rc2 Rg6 25. Qh4 Rd7 26. Rcd2 h6 27. Bc3 a5 28. bxa6 Bxa6 29. Rb1 e4 30. f4 Bxc4 31. Bh5 b5 32. Bxg6 Qxg6 33. h3 h5 34. Kh2 Kf7 35. Rg1 Be6 36. Rb1 Bc4 37. Rdd1 Bd3 38. Rb4 Na6 39. Rb2 Nc5 40. Rf2 Bc4 41. Rg1 Nd3 42. Rff1 Qh6 43. Bd4 Nc5 44. Rd1 Ne6 45. Be5 Bd3 46. Bb2 g5 47. fxg5 Qxg5 48. Qxg5 Nxg5 49. Rc1 Ne6 50. Kg3 Rd8 51. Kh4 Kg6 52. Rc6 f4 53. exf4 Kf5 54. Re1 Nxf4 55. g4+ hxg4 56. hxg4+ Ke6 57. Kg3 Ng6 58. g5 Kf5 59. Bf6 Rd7 60. Kf2 Ne5 61. Bxe5 Kxe5 62. Rg1 Kd5 63. Rc8 Rf7+ 64. Ke1 Kd4 65. g6 Rg7 66. Rg5 d5 67. Rd8 Bc4 68. Rf8 e3 69. Rf7 Rg8 70. g7 Kc3 71. Rf8 d4 72. Rxg8 d3 0-1

[Event "Lyngby op"]
[Site "Lyngby"]
[Date "1989.??.??"]
[Round "8"]
[White "Hamann, Svend"]
[Black "Bang, Andreas"]
[Result "1-0"]
[WhiteElo "2395"]
[BlackElo "2315"]
[PlyCount "87"]
[EventDate "1989.??.??"]
[EventType "swiss"]
[EventRounds "9"]
[EventCountry "DEN"]
[SourceTitle "EXT 1997"]
[Source "ChessBase"]
[SourceDate "1996.11.15"]
[SourceVersion "1"]
[SourceVersionDate "1996.11.15"]
[SourceQuality "1"]

1. d4 d5 2. c4 c6 3. Nf3 Nf6 4. Qb3 dxc4 5. Qxc4 Bf5 6. Nbd2 e6 7. g3 Nbd7 8. Bg2 Be7 9. 0-0 0-0 10. Re1 Ne4 11. Qb3 Qb6 12. Nc4 Qxb3 13. axb3 c5 14. Be3 Nb6 15. Nfe5 f6 16. Nd3 Nd5 17. Bxe4 Bxe4 18. Nxc5 Bxc5 19. dxc5 Bc2 20. Ra3 b5 21. Nd6 b4 22. Ra5 Ne7 23. Rea1 Bxb3 24. Rxa7 Bd5 25. f3 Nf5 26. Nxf5 exf5 27. Kf2 Rxa7 28. Rxa7 Rf7 29. Ra6 Rd7 30. Bf4 Kf7 31. c6 Re7 32. Rb6 b3 33. c7 Re8 34. Rb8 Be6 35. Rd8 Bc8 36. h4 Ba6 37. e3 Bc8 38. Ke2 h5 39. Kd3 Be6 40. Kd4 Ke7 41. Bd6+ Kf7 42. Kc5 g5 43. Kb6 g4 44. fxg4 1-0

[Event "DEN-chT 8990"]
[Site "Denmark"]
[Date "1989.??.??"]
[Round "6"]
[White "Jacobsen, Bo"]
[Black "Hamann, Svend"]
[Result "1/2-1/2"]
[WhiteElo "2290"]
[BlackElo "2395"]
[PlyCount "86"]
[EventDate "1989.??.??"]
[EventType "team-swiss"]
[EventRounds "7"]
[EventCountry "DEN"]
[SourceTitle "EXT 2000"]
[Source "ChessBase"]
[SourceDate "1999.11.16"]
[SourceVersion "1"]
[SourceVersionDate "1999.11.16"]
[SourceQuality "1"]

1. g3 d5 2. Nf3 Nf6 3. Bg2 c6 4. d3 Bg4 5. Nbd2 Nbd7 6. h3 Bxf3 7. Nxf3 e6 8. 0-0 Bc5 9. b3 0-0 10. c3 a5 11. a3 Re8 12. Qc2 Qc7 13. Bb2 Bb6 14. c4 e5 15. e3 dxc4 16. Qxc4 Rad8 17. b4 h6 18. Rfd1 axb4 19. axb4 e4 20. dxe4 Nxe4 21. Rd3 Ndf6 22. Rad1 Rxd3 23. Rxd3 Nd6 24. Qb3 Qe7 25. Ne5 Qe6 26. Qxe6 Rxe6 27. Nf3 Nd5 28. Rb3 Nb5 29. Bf1 Re4 30. Bxb5 cxb5 31. Nd4 Bxd4 32. Bxd4 Re6 33. f3 f5 34. g4 g6 35. gxf5 gxf5 36. Kf2 Kf7 37. Rd3 Ra6 38. Bc5 Ke6 39. e4 Nf4 40. Rd8 fxe4 41. fxe4 Ke5 42. Ke3 Nxh3 43. Rd5+ Ke6 1/2-1/2